• 首页
  • 本馆介绍
  • 公告通知
  • 最新文献
  • 馆藏检索
  • 电子资源
  • 读者导购
  • 参考咨询
  • 我的图书馆
  • 登录
  • 详细信息显示
  • 放入我的书架
  • 预约/预借图书
  • 作者相关作品
  • 分类相关作品
  • 丛书相关作品
  • 出版社相关作品

书目信息

  • 表格格式
  • 工作单格式
  • 卡片格式
题名:
可靠性数学
    
 
作者: Amstadter , 阿姆斯塔特 著 ;彭兴文 译
分册:  
出版信息: 北京   科学出版社  1978
页数: 409页
开本: 19cm
丛书名:
单 册:
中图分类: O213.2
科图分类:
主题词: 可靠性理论
电子资源:
ISBN:
000 00759nam0 2200265 45
001 0178005899
005 20060726144427.43
010    @dCNY1.35
091    @a13031.809
100    @a19950725d1978 em y0chiy0121 ea
101 1  @achi@ceng
102    @aCN@b110000
105    @ay z 000yy
200 10 @a可靠性数学@Ake kao xing shu xue@f(美)阿姆斯塔特(B.L.Amstadter)著@g彭兴文译
210    @a北京@c科学出版社@d1978
215    @a409页@d19cm
300    @a书名原文:Reliability mathematics
510 1  @aReliability mathematics@zeng
606    @a可靠性理论
690    @aO213.2@v3
701 A1 @aAmstadter@bB.L.@4著
701  1 @a阿姆斯塔特@Aa mu si ta te@bB.L.@4著
702  0 @a彭兴文@Apeng xing wen@4译
801  0 @aCN@bNLC@c20060726
905    @dO213.2@e8
    
    可靠性数学/(美)阿姆斯塔特(B.L.Amstadter)著/彭兴文译.-北京:科学出版社,1978
    409页;19cm
    书名原文:Reliability mathematics
    
    ISBN :CNY1.35
    
●
相关链接 在E读中查询图书 在五车中查询图书 在当当中查询图书 在豆瓣中查询图书


正题名:可靠性数学     索取号:O213.2/8         预约/预借

序号 登录号 条形码 馆藏地/架位号 状态 备注
1 0004625   001442282   第二样本阅览室/ [索取号:O213.2/8] 在馆    
2 0004626   001442317   第三借阅区/ [索取号:O213.2/8] 在馆    
3 0009711   001442200   第三借阅区/ [索取号:O213.2/8] 在馆    
4 0009712   001442246   第三借阅区/ [索取号:O213.2/8] 在馆    
5 0431450   204314508   密集书库/ [索取号:O213.2/8] 在馆    
6 0431451   204314517   密集书库/ [索取号:O213.2/8] 在馆    
唐山师范学院图书馆 欢迎您!
大连网信软件有限公司© 版权所有